000 00844nam a2200217Ia 4500
003 Ost
005 20260507075804.0
008 260507s9999||||xx |||||||||||||| ||und||
040 _cfsecg
041 _aara
082 _a657.835
100 _aشرف;عوض، جمال ، حسين
_eمؤلف
245 0 _aالموازانات التخطيطية (ك7) /
_c شرف
260 _aالقاهرة :
_bمطبعة مركز التعليم المفتوح,
_c(د.ت)
300 _a201 صفحة؛
_bإيضاحات ؛
_c24 سم
520 _aتعريف الموازنة، أنواع الموازنات، مقومات نظام الموازنات، الوظائف الرئيسية للموازنة، مزايا الموازنات
653 _aالتخطيط
653 _aالرقابة
653 _aنظام المحاسبي
942 _cكتاب
999 _c46364
_d46364